000 01257nam a2200289Ia 4500
003 OSt
005 20221005104731.0
006 a|||||r|||| 00| 0
007 ta
008 221004b |||||||| |||| 00| 0 hin d
020 _a9789380172408 (pbk)
_c300
024 _a8846
037 _b20477, 08/01/2014, Hindi Madhyam Karyanvyan Nideshalye
_cTextual
040 _aCRL
_cCRL
_bhin
041 _2hin
_ahin
082 _aS0aT, 152Q1
100 _aपाल, हंसराज
245 0 _aप्रयोगात्मक शिक्षा मनोविज्ञान
246 _aPrayogātmak shikṣhā manovijnyāna
260 _aदिल्ली
_bविश्वविद्यालय हिन्दी माध्यम कार्यान्वय निदेशालय भारत
_c2010
300 _a354पृ0
_ccm.
650 _aमनोविज्ञान
700 _a देवड़ा, राकेश
700 _a पाल, राजेन्द्र
942 _hS0aT, 152Q1
_cTEXL
_2cc
999 _c1013627
_d1013627